| 000 | 00605nam a2200253Ia 4500 | ||
|---|---|---|---|
| 008 | 171025s9999 xx 000 0 und d | ||
| 020 | _a1904668747 | ||
| 050 | _a623.4 | ||
| 050 | _bB154 2003 | ||
| 100 | _aBailey, Gerry | ||
| 245 | _aWeapons of war / | ||
| 245 | _cby Gerry Bailey. | ||
| 260 | _aLondon : | ||
| 260 | _bMercury Junior, | ||
| 260 | _c2003 | ||
| 300 | _a46 pages : | ||
| 300 | _bcolor illustrations ; | ||
| 300 | _c28cm. | ||
| 440 | _aCrafty inventions. | ||
| 650 | _aMilitary weapons -- | ||
| 650 | _aMilitary weapons. | ||
| 650 | _xPopular works. | ||
| 700 | _aTitle. | ||
| 999 |
_c344610 _d344610 |
||